Paroles SCH - Mort Subite - Statistiques

Statistiques générales
  • Ce quiz a été pris 422 fois
  • Le résultat moyen est 5 sur 8
Answers on the Grid
Answers color-coded by a green-red scale on the quiz's grid according to % correct below.
Mes ennemis m'envient, mais ils savent pas que derrière chaque victoire, y’a une guerre à mener.
J’ai vue la vie comme un film mais la réalité m’a giflée
Cigare aux lèvres, tu sais, salope, j'ai mon stéthoscope
Faut pas pleurer faut compter les billets, j’ai vu des rêves s'briser
Ta copine nous trouves ténébreux, bitch on est sur tous les tableaux
J’compte mes démons comme des moutons quand j’arrive pas à dormir
J'voulais juste mettre à l'abri d'maman mais j'ai volé son sommeil.
Ta femme suce des bites quand t'es sur FIFA et toi, tu joues les thugs
Bain marie, shit, ero, crack, cec', On aime pas Marine et son faciès
Pas besoin d’une couronne, mes rêves sont déja sur un trône
Quand on pourra s'asseoir sur nos loves, on pensera peut-être à la paix
Loin des faux j’ai pris l’autoroute, vers le chemin de la gloire
Plus d'outils dans l'box que chez un mécano
44 dans la bouche, j’appuie, j’t’envoie savoir si Dieu existe
On les lapide
Mais on le fait avec humour
 
Statistiques - réponses
Réponse % Correct
Cigare aux lèvres, tu sais, salope, j'ai mon stéthoscope
77%
J'voulais juste mettre à l'abri d'maman mais j'ai volé son sommeil.
71%
Plus d'outils dans l'box que chez un mécano
60%
Ta copine nous trouves ténébreux, bitch on est sur tous les tableaux
60%
44 dans la bouche, j’appuie, j’t’envoie savoir si Dieu existe
59%
Bain marie, shit, ero, crack, cec', On aime pas Marine et son faciès
56%
Ta femme suce des bites quand t'es sur FIFA et toi, tu joues les thugs
44%
Quand on pourra s'asseoir sur nos loves, on pensera peut-être à la paix
37%
Aucun quiz correspondant
Distribution des résultats
% des personnes avec chaque résultat
Percentile par nombre de réponses
Votre historique - résultats
Vous n’avez pas pris ce quiz